[Event "FAI-chT3 1617"]
[Site "Faroe Islands"]
[Date "2016.10.30"]
[Round "2.1"]
[White "Jacobsen, Runi Tindskard"]
[Black "Hansen, Johan E"]
[Result "1-0"]
[WhiteElo "1710"]
[BlackElo "1604"]
[PlyCount "37"]
[EventDate "2016.10.23"]
[EventType "team-tourn"]
[EventRounds "9"]
[EventCountry "FAI"]
[SourceTitle "EXT 2020"]
[Source "ChessBase"]
[SourceDate "2019.10.17"]
[SourceVersion "1"]
[SourceVersionDate "2019.10.17"]
[SourceQuality "1"]
[WhiteTeam "Havnin VII"]
[BlackTeam "Havnin VI"]
[WhiteTeamCountry "FAI"]
[BlackTeamCountry "FAI"]

1. e4 e6 2. d4 d5 3. e5 c5 4. c3 Nc6 5. Be3 Qb6 6. Qb3 Qxb3 7. axb3 cxd4 8. cxd4 Bb4+ 9. Nc3 Nge7 10. Bd3 0-0 11. Nf3 Bd7 12. 0-0 a6 13. Na4 Rac8 14. Rfc1 Rc7 15. Bg5 f6 16. exf6 gxf6 17. Bf4 Rcc8 18. Nb6 Rcd8 19. Bc7 1-0

[Event "FAI-chT3 1516"]
[Site "Faroe Islands"]
[Date "2015.10.31"]
[Round "1.3"]
[White "Jacobsen, Runi Tindskard"]
[Black "Morkore, Joanis"]
[Result "1-0"]
[WhiteElo "1710"]
[BlackElo "1171"]
[PlyCount "49"]
[EventDate "2015.10.31"]
[EventType "team-tourn"]
[EventRounds "7"]
[EventCountry "FAI"]
[SourceTitle "EXT 2017"]
[Source "ChessBase"]
[SourceDate "2016.10.25"]
[SourceVersion "1"]
[SourceVersionDate "2016.10.25"]
[SourceQuality "1"]
[WhiteTeam "Havnin VI"]
[BlackTeam "Rokur II"]
[WhiteTeamCountry "FAI"]
[BlackTeamCountry "FAI"]

1. e4 e5 2. Nf3 Nc6 3. Bc4 h6 4. Nc3 Nf6 5. d3 Be7 6. Be3 d6 7. h3 Bd7 8. Qd2 a6 9. a3 Be6 10. Nd5 Nb8 11. g4 Nbd7 12. g5 hxg5 13. Nxg5 Nxd5 14. exd5 Bf5 15. h4 Nf6 16. 0-0-0 Ng4 17. f3 Nxe3 18. Qxe3 Kd7 19. Nxf7 Qf8 20. Nxh8 Qxh8 21. Kb1 Qh5 22. f4 exf4 23. Qxf4 Rf8 24. Qd4 Bg4 25. Rde1 1-0

[Event "Oyri Rokur op"]
[Site "Oyri"]
[Date "2015.01.17"]
[Round "2"]
[White "Fjallheim, Leif Reinert"]
[Black "Jacobsen, Runi Tindskard"]
[Result "0-1"]
[WhiteElo "1178"]
[BlackElo "1746"]
[PlyCount "92"]
[EventDate "2015.01.16"]
[EventType "swiss"]
[EventRounds "5"]
[EventCountry "FAI"]
[SourceTitle "CBM 164 Extra"]
[Source "ChessBase"]
[SourceDate "2015.03.02"]
[SourceVersion "1"]
[SourceVersionDate "2015.03.02"]
[SourceQuality "1"]

1. e4 d6 2. Nf3 g6 3. Nc3 Bg7 4. d4 Nf6 5. Bc4 0-0 6. Bg5 Nxe4 7. Nxe4 d5 8. Bd3 dxe4 9. Bxe4 f6 10. Bf4 g5 11. Bg3 f5 12. Bd3 g4 13. Bc4+ e6 14. Ne5 Qg5 15. 0-0 f4 16. h4 gxh3 17. Nf3 Qg6 18. Nh4 Qf6 19. Bxf4 Qxf4 20. g3 Qxd4 21. Qxd4 Bxd4 22. c3 Bb6 23. b4 Nc6 24. a4 a5 25. b5 Ne5 26. Bb3 Ng4 27. Rae1 Bxf2+ 28. Rxf2 Rxf2 29. Kh1 h2 30. b6 Bd7 31. Bd1 Raf8 32. Bxg4 Bc6+ 33. Nf3 Bxf3+ 34. Bxf3 R2xf3 35. Rxe6 Rxc3 36. g4 Rc2 37. Re1 cxb6 38. g5 b5 39. g6 hxg6 40. axb5 Rcf2 41. Re4 Rd2 42. Re1 Rff2 43. b6 Rg2 44. Rf1 Rg1+ 45. Rxg1 hxg1Q+ 46. Kxg1 a4 0-1

[Event "Oyri Rokur op"]
[Site "Oyri"]
[Date "2015.01.17"]
[Round "3"]
[White "Jacobsen, Runi Tindskard"]
[Black "Nielsen, Hogni Egilstoft"]
[Result "0-1"]
[WhiteElo "1746"]
[BlackElo "2242"]
[PlyCount "54"]
[EventDate "2015.01.16"]
[EventType "swiss"]
[EventRounds "5"]
[EventCountry "FAI"]
[SourceTitle "CBM 164 Extra"]
[Source "ChessBase"]
[SourceDate "2015.03.02"]
[SourceVersion "1"]
[SourceVersionDate "2015.03.02"]
[SourceQuality "1"]

1. e4 e5 2. Nf3 Nc6 3. Bc4 Nf6 4. Nc3 Nxe4 5. Nxe4 d5 6. Bd3 dxe4 7. Bxe4 Bd6 8. h3 0-0 9. 0-0 f5 10. Bd5+ Kh8 11. d4 Nxd4 12. Ng5 Qe8 13. Nf7+ Rxf7 14. Bxf7 Qxf7 15. f4 Bd7 16. fxe5 Bxe5 17. Bf4 Bxf4 18. Rxf4 Ne6 19. Rf3 Bc6 20. Rf2 Qg6 21. Qe2 Ng5 22. Kh2 Ne4 23. Rf3 Qd6+ 24. g3 Re8 25. Rd1 Ng5 26. Qxe8+ Bxe8 27. Rxd6 Nxf3+ 0-1

[Event "Oyri Rokur op"]
[Site "Oyri"]
[Date "2015.01.16"]
[Round "1"]
[White "Jacobsen, Runi Tindskard"]
[Black "Jacobsen, Mikkjal Andriasarso"]
[Result "1-0"]
[WhiteElo "1746"]
[BlackElo "1000"]
[PlyCount "53"]
[EventDate "2015.01.16"]
[EventType "swiss"]
[EventRounds "5"]
[EventCountry "FAI"]
[SourceTitle "CBM 164 Extra"]
[Source "ChessBase"]
[SourceDate "2015.03.02"]
[SourceVersion "1"]
[SourceVersionDate "2015.03.02"]
[SourceQuality "1"]

1. e4 e5 2. Nf3 Nc6 3. Bc4 Bc5 4. c3 Na5 5. Bb3 d6 6. d4 exd4 7. cxd4 Bb4+ 8. Bd2 Bxd2+ 9. Nbxd2 Nf6 10. 0-0 Nxb3 11. Qxb3 Bg4 12. Ng5 0-0 13. h3 Be2 14. Rfe1 Bh5 15. Nc4 h6 16. Nf3 Qe8 17. e5 Nd5 18. Qxb7 Nf4 19. Qxc7 Rc8 20. exd6 Qxe1+ 21. Rxe1 Rxc7 22. dxc7 Rc8 23. Re7 Nd5 24. Rd7 Nf6 25. Rd8+ Ne8 26. Rxc8 f6 27. Rxe8+ 1-0

[Event "FAI-chT 1415"]
[Site "Faroe Islands"]
[Date "2014.11.23"]
[Round "5.4"]
[White "Jacobsen, Runi Tindskard"]
[Black "Christiansen, Samal"]
[Result "1/2-1/2"]
[WhiteElo "1621"]
[BlackElo "1909"]
[PlyCount "83"]
[EventDate "2014.10.26"]
[EventType "team-tourn"]
[EventRounds "10"]
[EventCountry "FAI"]
[SourceTitle "CBM 163 Extra"]
[Source "ChessBase"]
[SourceDate "2014.12.23"]
[SourceVersion "1"]
[SourceVersionDate "2014.12.23"]
[SourceQuality "1"]
[WhiteTeam "Toftir"]
[BlackTeam "Rokur"]
[WhiteTeamCountry "FAI"]
[BlackTeamCountry "FAI"]

1. e4 c5 2. Nf3 d6 3. d4 cxd4 4. Nxd4 Nf6 5. Nc3 a6 6. Bc4 e6 7. 0-0 Be7 8. Qf3 Qc7 9. Bb3 0-0 10. a4 Nc6 11. Be3 Bd7 12. Rfd1 b6 13. Qe2 Qb7 14. f3 Rfd8 15. Qf2 Be8 16. Nxc6 Bxc6 17. Bxb6 Rdc8 18. a5 d5 19. e5 Nd7 20. Bd4 Bb5 21. Qg3 Qc7 22. f4 Bb4 23. Nxd5 exd5 24. e6 Nf6 25. Bxf6 fxe6 26. Be5 Bd6 27. Kh1 Rab8 28. Re1 Bc4 29. Bxc4 Bxe5 30. Bxd5 exd5 31. fxe5 Qxc2 32. e6 Qxb2 33. Qf3 d4 34. Qf7+ Kh8 35. e7 Qb5 36. Rf1 Qc5 37. Rae1 Re8 38. Re4 d3 39. Rg4 Rg8 40. Rxg7 Rxg7 41. e8Q+ Rxe8 42. Qxe8+ 1/2-1/2